000 00575nam a2200193 a 4500
003 BD-DhJNU
005 20241212045738.0
008 241101s2015 ii a b 001 0 eng
020 _a817096539X
040 _aBD-DhJNU
_bENG
_cBD-DhJNU
_dBD-DhJNU
082 0 4 _a822.09 BOA
_223
100 _aBoulton, Marjorie
245 1 0 _aThe anatomy of drama /
_cMarjorie Boulton
260 _aNew Delhi :
_bKalyani Publishers,
_c1960.
300 _ax, 212 p. :
_c 18 cm.
500 _aIncludes bibliography and index
650 0 _aEnglish Literature - History And Criticism
942 _cBK
999 _c1000
_d1000